Greek Myths Quiz Stats

 Plays Quiz not verified by Sporcle

Challenge
Share
Tweet
Embed
Score 0/6 Timer 10:00
0 Plays Today
Question Answer Wrong Answers
Where do we get the word Atlas? The titan who held up the sky
92.1%
The titan of fire
1.8%
The titan of the West
3.5%
The titan of wisdom
1.8%
Is Hera the mother goddess? Yes
86%
No
13.2%
Which of these is Apollo? The god of music
78.1%
The messenger of the gods
4.4%
The god of shepards
2.6%
All of the Above
14.9%
Which of these is Artemis? All of the Above
68.4%
The hunting goddess
18.4%
The creator of the Calydonian Boar
0.9%
The twin sister of Apollo
12.3%
Why did Hippomenes win the foot race against Atalanta? He had the help of some golden apples from Aphrodite
65.8%
He was just that fast
1.8%
He won her over with his great smile
8.8%
All of the Above
22.8%
Who was Pygmalion? A sculptor
64%
An inventor
10.5%
A minor god
21.1%
A sailor
4.4%

You're not logged in!

Compare scores with friends on all Sporcle quizzes.
Join for Free
OR
Log In

You Might Also Like...

Show Comments

Extras

Created May 15, 2017ReportNominate
Tags:Greek, myth

Top Quizzes Today


Score Distribution

Your Account Isn't Verified!

In order to create a playlist on Sporcle, you need to verify the email address you used during registration. Go to your Sporcle Settings to finish the process.

Report this User

Report this user for behavior that violates our Community Guidelines.

Details: